中国2023年985/211大学 - Statistics

General Stats
  • This quiz has been taken 4 460 times
    4 456 since last reset
  • The average score is 67 of 112
Answer Stats
985院校 全国排名 城市 % Correct
清华大学 1 北京
100%
北京大学 2 北京
100%
南京大学 6 南京
97%
浙江大学 3 杭州
96%
上海交通大学 4 上海
96%
复旦大学 5 上海
96%
武汉大学 9 武汉
96%
哈尔滨工业大学 13 哈尔滨
94%
四川大学 12 成都
92%
西安交通大学 10 西安
90%
厦门大学 24 厦门
90%
南开大学 20 天津
89%
天津大学 21 天津
88%
中山大学 11 广州
87%
山东大学 22 济南
87%
湖南大学 29 长沙
87%
中国科学技术大学 7 合肥
86%
兰州大学 40 兰州
86%
上海大学 48 上海
86%
吉林大学 27 长春
84%
重庆大学 34 重庆
84%
华中科技大学 8 武汉
83%
东南大学 15 南京
82%
北京师范大学 19 北京
81%
同济大学 17 上海
79%
北京航空航天大学 14 北京
78%
北京理工大学 16 北京
77%
大连理工大学 32 大连
77%
东北大学 38 沈阳
77%
中国人民大学 18 北京
76%
电子科技大学 28 成都
76%
中南大学 23 长沙
75%
华南理工大学 26 广州
75%
华东师范大学 31 上海
75%
苏州大学 40 苏州
74%
中国海洋大学 62 青岛
72%
郑州大学 46 郑州
71%
石河子大学 138 石河子
71%
国防科学技术大学 - 长沙
70%
西北大学 65 西安
70%
海南大学 118 海口
70%
西藏大学 233 拉萨
70%
西北工业大学 25 西安
69%
中央民族大学 - 北京
67%
哈尔滨工程大学 49 哈尔滨
66%
云南大学 80 昆明
66%
新疆大学 136 乌鲁木齐
65%
西南大学 72 重庆
64%
南昌大学 69 南昌
63%
福州大学 73 福州
62%
安徽大学 104 合肥
62%
贵州大学 109 贵阳
62%
内蒙古大学 113 呼和浩特
62%
宁夏大学 149 银川
62%
中国农业大学 30 北京
61%
广西大学 96 南宁
61%
青海大学 205 西宁
61%
西北农林科技大学 74 咸阳
60%
南京航空航天大学 37 南京
60%
南京理工大学 36 南京
58%
江南大学 60 无锡
58%
华中师范大学 47 武汉
57%
北京邮电大学 57 北京
56%
华南师范大学 79 广州
53%
辽宁大学 127 沈阳
53%
西安电子科技大学 39 西安
52%
武汉理工大学 54 武汉
52%
暨南大学 50 广州
51%
大连海事大学 99 大连
51%
北京交通大学 43 北京
50%
合肥工业大学 83 合肥
50%
太原理工大学 107 太原
50%
上海财经大学 - 上海
50%
北京科技大学 35 北京
49%
南京师范大学 58 南京
48%
延边大学 176 延吉
48%
中国政法大学 - 北京
48%
北京外国语大学 - 北京
48%
华东理工大学 44 上海
46%
中国石油大学 52 北京
46%
中央财经大学 - 北京
45%
东北师范大学 53 长春
44%
中国地质大学 59 武汉
44%
北京工业大学 63 北京
42%
长安大学 88 西安
41%
河北工业大学 106 天津
41%
河海大学 61 南京
40%
西南交通大学 55 成都
39%
东华大学 77 上海
39%
北京林业大学 82 北京
39%
湖南师范大学 87 长沙
39%
南京农业大学 51 南京
38%
北京化工大学 64 北京
38%
陕西师范大学 67 西安
38%
中南财经政法大学 - 武汉
38%
中国矿业大学 56 北京
37%
华中农业大学 42 武汉
36%
对外经济贸易大学 - 北京
33%
上海外国语大学 - 上海
33%
华北电力大学 75 北京
30%
东北林业大学 115 哈尔滨
30%
中国传媒大学 - 北京
30%
西南财经大学 - 成都
30%
中国药科大学 - 南京
28%
北京体育大学 - 北京
28%
四川农业大学 142 雅安
27%
东北农业大学 120 哈尔滨
25%
天津医科大学 - 天津
21%
中央音乐学院 - 北京
20%
北京中医药大学 - 北京
18%
第二军医大学 - 上海
17%
第四军医大学 - 西安
17%
No matching quizzes found
Score Distribution
Percent of People with Each Score
Percentile by Number Answered
Your Score History
You have not taken this quiz since the last reset